RÝCHLE PREDODBEROVÉ VYHĽADÁVACIE VYŠETRENIE NOVÝCH DARCOV KRVI

Bibliographic Details
Main Authors: Kubánová, E. (Author), Hrubiško, Mikuláš, 1917-2005 (Author), Šteruská, Maja, 1933-2021 (Author)
Format: Article
Language:Slovak

MARC

LEADER 00000nab a2200000ua 4500
001 vtls010792769
003 SK-MaSNL
005 20260303123824.0
008 230214s1960 xo |||||||||||||||||slo|
035 |a (urnnbn)urn:nbn:sk:snk:ar-a03dx3 
035 |a (uuid)838677b1-5b23-4293-b1fd-ca24e72392bc 
035 |a urn:nbn:sk:snk-ab58i6 
040 |a SNKBUCL  |b slo  |c SNKBUCL  |e AACR2 
041 0 |a slo 
044 |a xo  |c SK 
100 1 |a Kubánová, E.  |4 aut  |9 1117025 
245 1 0 |a RÝCHLE PREDODBEROVÉ VYHĽADÁVACIE VYŠETRENIE NOVÝCH DARCOV KRVI  |c E. Kubánová, M. Hrubiško, M. Šteruská 
700 1 |a Hrubiško, Mikuláš,  |d 1917-2005  |4 aut  |9 239458 
700 1 |a Šteruská, Maja,  |d 1933-2021  |4 aut  |9 220246 
773 0 |t Bratislavské lekárske listy  |g Roč. 40, č. 6 (1960), s. 339-343 
954 |a odborná, vedecká literatúra pôvodná (slovenská)  |2 lita 
958 |a OND 
958 |a EUIPO 
958 |a article3 
999 |c 1928124  |d 1930054